यहीं कहीं था घर / (Record no. 44444)

MARC details
000 -LEADER
fixed length control field 03917nam a22004097a 4500
005 - DATE AND TIME OF LATEST TRANSACTION
control field 20110407121317.0
010 ## - LCCN (DPL NO)
LC control number HIN-90388 B-426900-910
020 ## - INTERNATIONAL STANDARD BOOK NUMBER
International Standard Book Number 9789380458113
Terms of availability 250.00
035 ## - SYSTEM CONTROL NUMBER
System control number HN-62734
035 ## - SYSTEM CONTROL NUMBER
System control number B-426900-910
037 ## - SOURCE OF ACQUISITION
Source of stock number/acquisition DBAD/PUN
037 ## - SOURCE OF ACQUISITION
Source of stock number/acquisition एलाईड पब्लिशर्स
082 ## - DEWEY DECIMAL CLASSIFICATION NUMBER
Classification number
100 ## - MAIN ENTRY--PERSONAL NAME
Personal name अरोड़ा, सुधा
245 ## - TITLE STATEMENT
Title यहीं कहीं था घर /
Statement of responsibility, etc सुधा अरोड़ा
246 ## - VARYING FORM OF TITLE
Title proper/short title Yahin kahin tha ghar
Remainder of title by Sudha Arora
260 ## - PUBLICATION, DISTRIBUTION, ETC. (IMPRINT)
Place of publication, distribution, etc नई दिल्ली
Name of publisher, distributor, etc सामयिक बुक्स
Date of publication, distribution, etc 2010
270 ## - ADDRESS
Address 3320-21, जटवाड़ा, दरियागंज, एन.एस.मार्ग
City नई दिल्ली
Postal code 110002
300 ## - PHYSICAL DESCRIPTION
Extent 176पृ.
Dimensions 22सेमी (सजिल्द)
650 ## - SUBJECT ADDED ENTRY--TOPICAL TERM
Topical term or geographic name as entry element हिन्दी कथा साहित्य
700 ## - ADDED ENTRY--PERSONAL NAME
9 (RLIN) 18865
700 ## - ADDED ENTRY--PERSONAL NAME
9 (RLIN) 18866
942 ## - ADDED ENTRY ELEMENTS (KOHA)
Source of classification or shelving scheme Dewey Decimal Classification
Item type Hindi Books
Classification part
Call number suffix अरोड़ा
Holdings
Withdrawn status Lost status Not for loan Collection code Home library Current library Date acquired Source of acquisition Cost, normal purchase price Full call number Barcode Copy number Cost, replacement price Koha item type
      Fiction Central Library Central Library 11/04/2011 एलाईड पब्लिशर्स/2847/22.3.11/80/15.3.11/29.3.11 250.00 उ अरोड़ा B-426900 2 250.00 Hindi Books
      Fiction Central Library Central Library 11/04/2011 एलाईड पब्लिशर्स/2847/22.3.11/80/15.3.11/29.3.11 250.00 उ अरोड़ा B-426901 2 250.00 Hindi Books
    Not For Loan Fiction D.B.Act.Division D.B.Act.Division 08/09/2010 DBAD / PUB 250.00 उ अरोड़ा HN-62734 1 250.00 Hindi Books
      Fiction Janak Puri Janak Puri 11/04/2011 एलाईड पब्लिशर्स/2847/22.3.11/80/15.3.11/29.3.11 250.00 उ अरोड़ा B-426905 1 250.00 Hindi Books
      Fiction Karol Bagh Karol Bagh 11/04/2011 एलाईड पब्लिशर्स/2847/22.3.11/80/15.3.11/29.3.11 250.00 उ अरोड़ा B-426909 1 250.00 Hindi Books
      Fiction Kasturba Gandhi Marg Kasturba Gandhi Marg 11/04/2011 एलाईड पब्लिशर्स/2847/22.3.11/80/15.3.11/29.3.11 250.00 उ अरोड़ा B-426903 1 250.00 Hindi Books
      Fiction Narela Narela 11/04/2011 एलाईड पब्लिशर्स/2847/22.3.11/80/15.3.11/29.3.11 250.00 उ अरोड़ा B-426910 1 250.00 Hindi Books
      Fiction Patel Nagar Patel Nagar 11/04/2011 एलाईड पब्लिशर्स/2847/22.3.11/80/15.3.11/29.3.11 250.00 उ अरोड़ा B-426902 1 250.00 Hindi Books
      Fiction Peshwa Road Peshwa Road 11/04/2011 एलाईड पब्लिशर्स/2847/22.3.11/80/15.3.11/29.3.11 250.00 उ अरोड़ा B-426904 1 250.00 Hindi Books
      Fiction R.K.Puram-8 R.K.Puram-8 11/04/2011 एलाईड पब्लिशर्स/2847/22.3.11/80/15.3.11/29.3.11 250.00 उ अरोड़ा B-426907 1 250.00 Hindi Books
      Fiction Sarojini Nagar Sarojini Nagar 11/04/2011 एलाईड पब्लिशर्स/2847/22.3.11/80/15.3.11/29.3.11 250.00 उ अरोड़ा B-426906 1 250.00 Hindi Books
      Fiction Vinoba Puri Vinoba Puri 11/04/2011 एलाईड पब्लिशर्स/2847/22.3.11/80/15.3.11/29.3.11 250.00 उ अरोड़ा B-426908 1 250.00 Hindi Books

© Delhi Public Library
Hit Counter
free hit counter